000 00706nas a2200253 4500
001 BR8004649
003 BR-BrBNA
005 20231205084357.0
007 ta
008 230509b bl.|||p| |||| 00| 00por d
040 _aBR-BrBNA
_bpor
_cBiblioteca Nacional de Agricultura
041 _a(Pt)
072 _aH20
100 1 _aMucci, E.S.F.
100 1 _aPitta, G.P.B.
100 1 _aYokomizo, N.K.S.
245 1 _aO oidio em mudas de eucalipto
650 _aEUCALIPTO
650 _aOIDIO
650 _aMUDA
773 0 _tBoletim Tecnico - Instituto Florestal (Brazil)
_xISSN 0100-3151
_g(Sep 1980), v. 34(1) p. 27-38
_wBR8004649
909 _a202311
_bLúcia
_c55
_dLúcia Elande
942 _2AGRIS
_n0
_cANA
999 _c104826
_d104826